Countries of Oceania - Alphabetical Order - Statistics

General Stats
  • This quiz has been taken 27 times
  • The average score is 12 of 14
Answer Stats
Letter Country % Correct
A Australia
100%
F Fiji
96%
K Kiribati
91%
M Micronesia
91%
V Vanuatu
91%
M Marshall Islands
87%
N Nauru
87%
T Tonga
87%
T Tuvalu
87%
N New Zealand
83%
P Palau
83%
S Solomon Islands
83%
P Papua New Guinea
78%
S Samoa
78%
No matching quizzes found
Score Distribution
Percent of People with Each Score
Percentile by Number Answered
Your Score History
You have not taken this quiz